000 00381nam a22001337a 4500
003 SISC
005 20160309161906.0
008 160309b xxu||||| |||| 00| 0 eng d
020 _a9781500342197
100 _aOgg, Tom
245 _a365 Marketing strategies for travel agents :
_btravel professionals share their marketing secrets
_cTom Ogg
300 _a91 p.
942 _2lcc
_cBK
999 _c291506
_d291506